English Grammar & Composition Second Paper For Classes XI-XII / (Record no. 5728)
[ view plain ]
| 000 -LEADER | |
|---|---|
| fixed length control field | 00645nam a2200229 a 4500 |
| 001 - CONTROL NUMBER | |
| JCCL Control Number | 5728 |
| 003 - CONTROL NUMBER IDENTIFIER | |
| JCCL marc code | BD-JhCC |
| 005 - DATE AND TIME OF LATEST TRANSACTION | |
| control field | 20171220164803.0 |
| 008 - FIXED-LENGTH DATA ELEMENTS--GENERAL INFORMATION | |
| fixed length control field | 171220s2007 bg |||| || | 000 0 eng d |
| 035 ## - SYSTEM CONTROL NUMBER | |
| system control number | (BD-JhCC)5728 |
| 040 ## - CATALOGING SOURCE | |
| Original cataloging agency | BD-JhCC |
| Modifying agency | BD-JhCC |
| 041 ## - LANGUAGE CODE | |
| Language code of Book | eng |
| 082 ## - DEWEY DECIMAL CLASSIFICATION NUMBER | |
| Classification number | 428 |
| Author mark and Year | FAR 2007 |
| 100 ## - MAIN ENTRY--PERSONAL NAME | |
| Personal name | Faruk, Syed Md Golam |
| 245 ## - TITLE STATEMENT | |
| Title | English Grammar & Composition Second Paper For Classes XI-XII / |
| Statement of responsibility, etc | Faruk, Syed Md Golam and Md Zulfequr Haider |
| 260 ## - PUBLICATION, DISTRIBUTION, ETC. (IMPRINT) | |
| Place of publication, distribution, etc | Dhaka : |
| Name of publisher, distributor, etc | NCTB, |
| Date of publication, distribution, etc | 2007. |
| 300 ## - PHYSICAL DESCRIPTION | |
| Pagination | 495 p. : |
| Dimensions | 24 cm. |
| 650 ## - SUBJECT ADDED ENTRY--TOPICAL TERM | |
| Topical term or geographic name as entry element | English Language |
| General subdivision | Grammar |
| 700 ## - ADDED ENTRY--PERSONAL NAME | |
| Personal name | Haider, Md Zulfequr |
| 942 ## - ADDED ENTRY ELEMENTS (KOHA) | |
| Source of classification or shelving scheme | Dewey Decimal Classification |
| Koha item type | Books |
| Source of classification or shelving scheme | Damaged status | Not for loan | Home library | Current library | Shelving location | Date of accession | Cost, normal purchase price | Total Checkouts | Full call number | Barcode | Date last seen | Copy number | Koha item type |
|---|---|---|---|---|---|---|---|---|---|---|---|---|---|
| Dewey Decimal Classification | JCC Rouf Library | JCC Rouf Library | General Stacks | 01/03/2018 | 119.00 | 428 FAR 2007 | 7975 | 01/03/2018 | C-1 | Books |